| 000 | 00369nam a2200145Ia 4500 | ||
|---|---|---|---|
| 008 | 191201s2004 xx 000 0 und d | ||
| 082 |
_a006 _bDIU |
||
| 100 | _aDICKERSON, Kitty G | ||
| 245 | 0 | _aUp to Date Diodes: Date and Comparison Tables | |
| 250 | _a1st | ||
| 260 |
_aN.Delhi _bBPB Publication _c2004 |
||
| 300 | _a5-17 | ||
| 650 | _aB.Tech(ECE) | ||
| 942 |
_2ddc _cBK |
||
| 999 |
_c1809 _d1809 |
||